'S' Movies by Poster Quiz Stats

Quiz Updated Mar 14, 2016

Challenge
Share
Tweet
Score 0/20 Timer 05:00
1 Play Today
% Correct
Shrek
97.5%
Saving Private Ryan
96.2%
The Silence of the Lambs
87.5%
The Simpsons Movie
87%
Scarface
86.9%
Space Jam
81.3%
Slumdog Millionaire
80.9%
The Sixth Sense
80.6%
The Shawshank Redemption
76.7%
Schindler's List
75.9%
% Correct
Superbad
74.4%
Shutter Island
72.5%
Signs
72.5%
Shaun of the Dead
61.8%
School of Rock
61.8%
Saw
56.5%
Scream
52.3%
The Secret Life of Walter Mitty
29.9%
Snatch
19.7%
Salmon Fishing in the Yemen
11.7%

You're not logged in!

Compare scores with friends on all Sporcle quizzes.
Join for Free
OR
Log In

You Might Also Like...

Show Comments

Extras

Top Quizzes Today


Score Distribution

Your Account Isn't Verified!

In order to create a playlist on Sporcle, you need to verify the email address you used during registration. Go to your Sporcle Settings to finish the process.

Report this User

Report this user for behavior that violates our Community Guidelines.

Details: